| 000 | 00756nam a22001937a 4500 | ||
|---|---|---|---|
| 003 | BD-DhUL | ||
| 005 | 20180528115301.0 | ||
| 008 | 180528s1927 ii ||||| |||| 00| 0 ben d | ||
| 040 |
_aBD-DhUL _cBD-DhUL |
||
| 082 |
_a891.443 _bRAP |
||
| 100 | 1 | _aবন্দ্যোপাধ্যায়, রাখালদাস | |
| 245 | 1 | 0 |
_aপাষানের কথা / _cরাখালদাস বন্দ্যোপাধ্যায় |
| 250 | _a২য় সং. | ||
| 260 |
_aকলিকাতা : _bগুরুদাস চট্টোপাধ্যায়, _c১৯২৭ |
||
| 300 |
_a১৮৩ পৃ. ; _c১৮ সেমি. |
||
| 650 | 4 | _aবাংলা উপন্যাস | |
| 650 | 4 | _aBengali fiction | |
| 942 |
_2ddc _cBK |
||
| 999 |
_c241659 _d241659 |
||